00486pam a2200157 a 4500020002400000041001400024082002200038100001500060245013900075250001200214260003000226300001600256365001200272700003000284650001400314 a3131275928c3075.00 aenghNULL a616.0757bHOF/ANT aHOFER, M . aTEACHING MANUAL OF COLOURDUPLEX SONOGRAPHY : A WORK BOOK ON COLOUR DUPLEX ULTRASOUND AND ECHOCARDIOGRAPHY / cNULL.hTextual Documents a2 / b. aNULL : bTHEIME , c2004. a108 ; cA4. a3075.00 aANTOCH, G .aDIETZ, A . aRADIOLOGY